Statistics for Host Cities of the Olympics since 1964 (with logo)

Click here to take the quiz!

General Stats

  • This quiz has been taken 42 times
    (31 since last reset)
  • The average score is 26 of 40

Answer Stats

Answer% Correct
Tokyo '20
97%
Tokyo '64
97%
London '12
93%
Los Angeles '28
90%
Los Angeles '84
90%
Mexico '68
87%
Moscow '80
87%
Rio '16
87%
Seoul '88
87%
Sydney '00
87%
Barcelona '92
83%
Beijing '08
83%
Beijing '22 Winter Olympics
83%
Montreal '76
83%
Paris '24
80%
Athens '04
77%
Atlanta '96
77%
Munich '72
73%
Vancouver '10 Winter Olympics
73%
Turin '06 Winter Olympics
70%
Sochi '14 Winter Olympics
63%
Lillehammer '16 Youth Olympics
60%
Lillehammer '94 Winter Olympics
60%
Sarajevo '84 Winter Olympics
57%
Innsbruck '12 Youth Olympics
53%
Innsbruck '64 Winter Olympics
53%
Innsbruck '76 Winter Olympics
53%
Salt Lake '02 Winter Olympics
53%
Sapporo '72 Winter Olympics
50%
Albertville '92 Winter Olympics
47%
Calgary '88 Winter Olympics
47%
Lake Placid '80 Winter Olympics
47%
Grenoble '68 Winter Olympics
43%
Nagano '98 Winter Olympics
43%
Buenos Aires '18 Youth Olympics
33%
PyeongChang '18 W
30%
Lausanne '20 Youth Olympics
27%
Milano Cortina '26 Winter Olympics
20%
Singapore '10 Youth Olympics
20%
Nanjing '14 Youth Olympics
13%

Score Distribution

Percentile by Number Answered

Percent of People with Each Score

Your Score History

You have not taken this quiz since the last reset